000 01834cam a22003375a 4500
001 L146503
002 17388
008 090127s2008 xxk f 001 0 eng d
020 _a9780750684507
_a9780080569710
035 _a(Sirsi) u146503
041 0 _aeng
050 0 4 _a692.3 $2 18
100 1 _aEmmitt, Stephen
245 0 0 _aSpecifying buildings
_ba design management perspective
_h[electronic resource]
250 _a2nd ed.
260 _aLondon
_bElsevier
_c2008
300 _aeBook
350 _a24.99
505 2 _aSpecifications in context -- Specifying design intent -- Information sources -- The selection process -- Writing specifications -- Managing the specification process -- Specifying 'new' building products -- Becoming aware of new products -- Monitoring the specification of buildings -- Obesrving specifiers -- Towards best practice
520 _aThis eBook provides a general overview of the specification process, from selecting materials to writing the specification. Covers the management of the specification process and how the design team specifies design intent. Completely revised update. Includes new case studies, findings on specification research and reviews. Aimed mainly at students of architecture and built environment programmes. Also relevant to practitioners wishing to ensure professionalism of their specification process. Contains information relevant to the UK, Australia and the US.
521 _aAdvanced
590 _aKA
650 2 4 _aEBOOK
651 4 _aUnited Kingdom
_y
651 4 _aAustralia
651 4 _aUnited States
_y1959-
690 _aBUILT ENVIRONMENT-CONSTRUCTION DESIGN-CONSTRUCTION SPECIFICATION
700 1 _aYeomans, David T.
856 4 8 _uhttps://www.vlebooks.com/
_zView on VLEbooks. Logins for members only from [email protected]
942 _n0
999 _c109203
_d109203